Koruna tak chladná a těžká /
Naše životy už nikdy nebudou stejné. Nepřátelé mě obklopují ze všech stran. Moje koruna nikdy nebyla vzdálenější a smrt tak blízko. Uprostřed zrady, kterou jsme nemohli předvídat, udělám cokoli, abych našla cestu zpátky k Lorianovi – dřív než podlehne svému vzteku a zničí tento kontinent.Spojenectví...
Uloženo v:
| Série: | Království lží,
část 3 |
|---|---|
| Hlavní autor: | |
| Médium: | E-kniha |
| Jazyk: | Czech |
| Vydáno: |
Praha :
Knihy Dobrovský,
2026
|
| Příbuzné jednotky: | Z cyklu::
Království lží |
| Tagy: |
Žádné tagy |
| LEADER | 01878nam a22002417i 4500 | ||
|---|---|---|---|
| 001 | 301503 | ||
| 007 | ta | ||
| 008 | 260430s2026 xr ||||| |||| 00| 0 cze d | ||
| 020 | |a 9788027741434 | ||
| 044 | |a xr | ||
| 100 | 1 | |a Stark, Stacia |4 aut | |
| 245 | 1 | 0 | |a Koruna tak chladná a těžká / |c Stark, Stacia |
| 264 | 1 | |a Praha : |b Knihy Dobrovský, |c 2026 | |
| 300 | |a 1 online zdroj (432 stran) | ||
| 336 | |a text |b txt |2 rdacontent | ||
| 337 | |a bez média |b n |2 rdamedia | ||
| 338 | |a online zdroj |b cr |2 rdacarrier | ||
| 520 | 2 | |a Naše životy už nikdy nebudou stejné. Nepřátelé mě obklopují ze všech stran. Moje koruna nikdy nebyla vzdálenější a smrt tak blízko. Uprostřed zrady, kterou jsme nemohli předvídat, udělám cokoli, abych našla cestu zpátky k Lorianovi – dřív než podlehne svému vzteku a zničí tento kontinent.Spojenectví vznikají a rozpadají se, naši nepřátelé se sjednocují a Regnerovi pavouci se přiblížili víc než kdy dřív. Máme jedinou šanci, jak zabránit tomu, aby získal neomezenou moc a zotročil všechny lidi, víly i míšence ve čtyřech královstvích.Mezitím král lidí věří, že jsem tu uvězněná, toužebně si přeju smrt a čekám, jestli mě nezachrání Lorian. Jenže Regner ještě nepochopil, že se nezastavím před ničím, abych svůj lid osvobodila. A ten, kdo by se měl bát, je on. | |
| 787 | 0 | 8 | |g 3 |i Z cyklu: |t Království lží |
| 910 | |a RBIT002 | ||
| 998 | |d 426518 |a https://core.palmknihy.cz/api/books/426518/cover?te8p5r |b https://core.palmknihy.cz/api/books/426518/cover/400?te8p5r |c https://core.palmknihy.cz/api/books/426518/cover/50?te8p5r |e |g 432 |i 9788027741434 |j https://core.palmknihy.cz/api/books/426518/preview.epub |k https://core.palmknihy.cz/api/books/426518/preview.pdf |l |q 49 |r 1 |s https://www.palmknihy.cz/kniha/426518 |t ebook |y 2026 |z 1 |v Království lží |w 3 | ||
| 999 | |d 301501 | ||